| 000 | 00000nas##2200000za#4500 |
| 001 | 9.504836 |
| 003 | CaOODSP |
| 005 | 20200331220158 |
| 007 | cr ||||||||||| |
| 008 | 150406c2005||||xxc|| m o||||f| |0eng|d |
| 043 | |an-cn--- |
| 086 | 1 |aMP22-20E-PDF |
| 110 | 1 |aCanada. |bCitizenship and Immigration Canada. |
| 245 | 10|aRecent immigrants in metropolitan areas |h[electronic resource] |
| 260 | |aOttawa - Ontario : |bCitizenship and Immigration Canada |
| 310 | |aIrregular |
| 563 | |aSoftcover |
| 690 | 07|aImmigrants|2gcpds |
| 690 | 07|aStatistical profile|2gcpds |
| 775 | 08|tLes immigrants récents des régions métropolitaines |w(CaOODSP)9.501239 |
| 776 | 0#|tRecent immigrants in metropolitan areas |w(CaOODSP)9.514790 |
| 040 | |aCaOODSP|beng |